| 000 | 00419pab a2200157 454500 | ||
|---|---|---|---|
| 008 | 180718b1996 xxu||||| |||| 00| 0 eng d | ||
| 100 | _aDavis, Charles R. | ||
| 245 | _aThe administrative rational model and public organization theory | ||
| 260 | _c1996 | ||
| 300 | _ap.39-60 | ||
| 362 | _aMay | ||
| 650 | _aOrganization | ||
| 650 | _aPublic administration | ||
| 773 | _aAdministration and Society | ||
| 909 | _a31767 | ||
| 999 |
_c31767 _d31767 |
||